Managing Open Innovation in Smes /
Gespeichert in:
| 1. Verfasser: | |
|---|---|
| Format: | Buch |
| Sprache: | Englisch |
| Veröffentlicht: |
Cambridge
Cambridge University Press
2017
|
| Ausgabe: | 1. vyd. |
| Schlagworte: | |
| Tags: |
Keine Tags, Fügen Sie das erste Tag hinzu!
|
MARC
| LEADER | 00000nam a22000003a 4500 | ||
|---|---|---|---|
| 001 | 0071384 | ||
| 003 | SK-STU | ||
| 005 | 20190130144239.6 | ||
| 007 | ta | ||
| 008 | 190130s ----xo-----e------000-0-----d | ||
| 020 | |a 978-1-107-42133-2 | ||
| 040 | |a STU |b slo | ||
| 041 | 0 | |a eng | |
| 044 | |a xxk | ||
| 100 | 1 | |a Vanhaverbeke, Wim |4 aut | |
| 245 | 1 | 0 | |a Managing Open Innovation in Smes / |c aut. Wim Vanhaverbeke |
| 250 | |a 1. vyd. | ||
| 260 | |a Cambridge |b Cambridge University Press |c 2017 | ||
| 300 | |a 234 s. | ||
| 650 | 0 | 7 | |a výrobný manažment |
| 650 | 0 | 7 | |a transfer technológií |
| 650 | 0 | 7 | |a malé a stredné podniky |
| 650 | 0 | 7 | |a inovácie |
| 650 | 0 | 7 | |a podnikový manažment |
| 996 | |b 284M088108 |c M* 14237-1 |l MMKN |s A |a 24 |w 0071384_0001 | ||